[Event "Michigan Open Reserve"]
[Site "Romulus, MI"]
[Date "2000.09.03"]
[Round "5.43"]
[White "Cox, Nick"]
[Black "Griffin, John"]
[Result "1/2-1/2"]
[WhiteElo "1213"]
[BlackElo "1610"]
[PlyCount "112"]
[EventDate "2000.09.01"]

1. e4 c5 2. Nf3 Nc6 3. Bc4 e6 4. O-O Nge7 5. Nc3 g6 6. d3 Bg7 7. Bg5 h6 8. Bf4
d6 9. Qd2 a6 10. a4 Nd4 11. Nxd4 cxd4 12. Ne2 Nc6 13. c3 dxc3 14. Nxc3 Nd4 15.
Ne2 Be5 16. Nxd4 Bxd4 17. Rab1 g5 18. Be3 Qb6 19. Bxd4 Qxd4 20. Qc3 Qxc3 21.
bxc3 Rb8 22. Bxa6 Kd8 23. Bc4 Kc7 24. f4 Rf8 25. Rf3 g4 26. Rg3 f5 27. exf5
exf5 28. Re3 Bd7 29. Bb5 Bxb5 30. axb5 Rbe8 31. Rbe1 Rxe3 32. Rxe3 Kd7 33. Kf2
h5 34. Kg3 Ra8 35. Kh4 Ra2 36. Kxh5 Rxg2 37. Kg5 Rxh2 38. Kxf5 Rh3 39. Re2 g3
40. Rg2 Rh5+ 41. Ke4 Rxb5 42. Rxg3 Ke7 43. Rg5 Rb1 44. c4 Kf6 45. Rb5 Re1+ 46.
Kf3 Rf1+ 47. Ke3 Re1+ 48. Kf2 Re7 49. Rb6 Rd7 50. c5 Ke6 51. Ke3 Kd5 52. Rxd6+
Rxd6 53. cxd6 Kxd6 54. Kd4 Ke6 55. Kc5 Kf5 56. d4 Kxf4 1/2-1/2

[Event "Michigan Open Reserve"]
[Site "Romulus, MI"]
[Date "2000.09.03"]
[Round "5.32"]
[White "Corbeill, Joe"]
[Black "Grzegorczyk, Ron"]
[Result "1-0"]
[WhiteElo "1736"]
[BlackElo "1527"]
[PlyCount "105"]
[EventDate "2000.09.01"]

1. Nf3 Nf6 2. d4 e6 3. c4 Be7 4. Nc3 c6 5. e3 d5 6. Qc2 c5 7. dxc5 Bxc5 8. cxd5
Nxd5 9. Bb5+ Bd7 10. Nxd5 Bxb5 11. Qxc5 Qxd5 12. Qxd5 exd5 13. Nd4 Bd7 14. O-O
O-O 15. Bd2 Be6 16. Rfc1 Na6 17. Rc2 b6 18. b4 Rfc8 19. Rac1 Rd8 20. a3 g6 21.
f4 Bd7 22. Kf2 Bc8 23. Nc6 Bf5 24. Ne7+ Kf8 25. Nxf5 gxf5 26. b5 Nb8 27. Rc7
Nd7 28. R1c6 Kg8 29. Bb4 Nc5 30. Bxc5 bxc5 31. Rxc5 Kg7 32. Ke2 h5 33. Kd3 a6
34. b6 Rab8 35. R5c6 a5 36. b7 Rf8 37. Ra6 d4 38. exd4 h4 39. Rxa5 Kg6 40. Re5
h3 41. g3 f6 42. Ree7 Rg8 43. d5 Kh5 44. a4 Rgd8 45. Ke3 Rg8 46. a5 Rge8 47. a6
Rg8 48. a7 Rxg3+ 49. hxg3 Rg8 50. Kf3 Rh8 51. b8=Q Kg6 52. Rg7+ Kh6 53. Qxh8#
1-0

[Event "Michigan Open Reserve"]
[Site "Romulus, MI"]
[Date "2000.09.03"]
[Round "4.30"]
[White "Corbeill, Joe"]
[Black "Cooper, Rene"]
[Result "1-0"]
[WhiteElo "1736"]
[BlackElo "1106"]
[Annotator "Jeff Aldrich"]
[PlyCount "91"]
[EventDate "2000.09.01"]

{Queen's Pawn: Closed (Semi-Colle)} 1. Nf3 Nf6 2. d4 d5 3. e3 c5 4. c3 Bf5 5.
Nbd2 Nc6 6. Be2 Qc7 7. O-O e6 8. Nh4 Bg6 9. Re1 Bd6 10. Nf1 Ne4 11. Nf3 h5 $6 {
This is completely premature. White has no weakness on his king-side to attack.
Black would be better off getting castled and bringing his rooks to the center
where he has a spacial advantage.} 12. Nh4 O-O-O 13. Bd2 Qe7 14. g3 Bf5 15.
Nxf5 exf5 16. Bxh5 Rh6 17. Bf3 Nf6 $6 {I don't think he has to be too worried
about white exchanging, what with all those open white squares on the
king-side.} 18. Bg2 Ne4 {OK, now he realizes it.} 19. f3 Ng5 20. Re2 {With the
two extra tempi, white has been able to bring in reinforcements.} Nh3+ 21. Bxh3
Rxh3 22. Rg2 g5 23. Qe2 Re8 24. Re1 Reh8 25. Qd3 f4 {Black has been trying to
force an attack that just isn't there. In the meantime, his position has been
slowly degrading and things are only going to get worse..} 26. exf4 Qc7 27.
Qf5+ Kb8 28. Rge2 a6 29. Re8+ Ka7 30. Rxh8 Rxh8 31. Qxg5 cxd4 32. Qxd5 dxc3 33.
Bxc3 Qb6+ 34. Kg2 Rd8 35. Qxf7 Rf8 36. Qc4 Ka8 37. Re6 Bb8 38. Ne3 Ba7 39. a4
Qd8 40. Nd5 Na5 41. Qe4 Nc6 42. b4 {In contrast, white waits until his pieces
are in prime attacking position before starting his pawn-storm.} Kb8 43. b5
axb5 44. axb5 Na5 45. Bxa5 Qxa5 46. Re8+ 1-0

[Event "Michigan Open Reserve"]
[Site "Romulus, MI"]
[Date "2000.09.03"]
[Round "5.46"]
[White "Cooper, Rene"]
[Black "Swathell, Gary"]
[Result "1/2-1/2"]
[WhiteElo "1106"]
[BlackElo "1500"]
[PlyCount "132"]
[EventDate "2000.09.01"]

1. d4 Nf6 2. e3 d5 3. Bd3 g6 4. Nd2 Bg7 5. f4 O-O 6. Ngf3 Bg4 7. c3 Nbd7 8. Qc2
c5 9. b3 cxd4 10. exd4 Qc7 11. Ne5 Nxe5 12. fxe5 Nd7 13. O-O f6 14. exf6 Rxf6
15. Ba3 Rxf1+ 16. Rxf1 Nf6 17. Re1 Re8 18. Bb5 Bd7 19. Bd3 e5 20. dxe5 Rxe5 21.
Rxe5 Qxe5 22. Nf3 Qe3+ 23. Kf1 Bg4 24. Bc1 Qe7 25. Nd4 Qf8 26. Kg1 Qe8 27. Kf1
Nh5 28. Nb5 a6 29. Nd4 Qf8+ 30. Kg1 Qd6 31. Qf2 Be5 32. Qh4 Qc7 33. Bh6 Qd7 34.
Qf2 Qf7 35. Qh4 Nf6 36. Qe1 Qe8 37. Kh1 Bxd4 38. Qxe8+ Nxe8 39. cxd4 Kf7 40.
Bg5 Nd6 41. Kg1 Bf5 42. Be2 Ne4 43. Bf3 Nxg5 44. Bxd5+ Ke7 45. Bxb7 a5 46. Bd5
Kd6 47. Bg8 Be6 48. h4 Ne4 49. Bxh7 Bf7 50. h5 Nf6 51. hxg6 Be6 52. Kf2 Bf5 53.
Kf3 Kd5 54. Kf4 Bb1 55. a3 Nxh7 56. gxh7 Bxh7 57. Ke3 Bg6 58. g4 Bh7 59. b4
axb4 60. axb4 Kc4 61. b5 Kxb5 62. Kf4 Kc6 63. Ke5 Kd7 64. d5 Bg8 65. g5 Bh7 66.
d6 Bb1 1/2-1/2

[Event "Michigan Open Reserve"]
[Site "Romulus, MI"]
[Date "2000.09.03"]
[Round "4.34"]
[White "Carr, Jay"]
[Black "Choate, Eric"]
[Result "1-0"]
[WhiteElo "1600"]
[BlackElo "1242"]
[PlyCount "95"]
[EventDate "2000.09.01"]

1. c4 e5 2. Nc3 Nf6 3. g3 d6 4. Bg2 c6 5. e3 Be7 6. Nge2 Nbd7 7. O-O O-O 8. d4
exd4 9. exd4 Nb6 10. b3 Bf5 11. Re1 Qd7 12. Nf4 Rfe8 13. d5 Rad8 14. dxc6 bxc6
15. Qf3 Rc8 16. Ba3 Ng4 17. Rad1 Qc7 18. Nd3 Bxd3 19. Qxd3 c5 20. Nb5 Qd7 21.
Bh3 f5 22. Nxd6 Bxd6 23. Rxe8+ Rxe8 24. Qxd6 Qxd6 25. Rxd6 Rc8 26. Bg2 Ne5 27.
f4 Ned7 28. Kf2 Kf8 29. Rc6 Rxc6 30. Bxc6 Ke7 31. Bb2 g6 32. Bf3 Nf6 33. Ke3
Nbd7 34. h3 Kd6 35. Kd3 Ke6 36. Bc1 Ke7 37. Bd2 Ke6 38. a3 Kd6 39. Be3 Nb6 40.
b4 cxb4 41. axb4 Kc7 42. Bd4 Ne8 43. c5 Nc8 44. Kc4 Ne7 45. Be5+ Kd7 46. b5 Nc7
47. b6 axb6 48. cxb6 1-0

[Event "Michigan Open Reserve"]
[Site "Romulus, MI"]
[Date "2000.09.03"]
[Round "4.41"]
[White "Carpenter, George"]
[Black "Cox, Nick"]
[Result "0-1"]
[WhiteElo "1400"]
[BlackElo "1213"]
[PlyCount "136"]
[EventDate "2000.09.01"]

1. Nf3 c5 2. g3 Nf6 3. Bg2 Nc6 4. O-O g6 5. d3 Bg7 6. Nbd2 O-O 7. c3 d5 8. Qc2
Bf5 9. Re1 c4 10. e4 cxd3 11. Qxd3 dxe4 12. Qxd8 Rfxd8 13. Ng5 e3 14. Rxe3 Rd7
15. Nb3 Rd1+ 16. Bf1 Bh6 17. f4 Ng4 18. Rf3 Bxg5 19. fxg5 Nce5 20. Rf4 Nd3 21.
Rd4 Nxh2 22. Bf4 Rxa1 23. Nxa1 Nf3+ 24. Kg2 Nxd4 25. Bxd3 Bxd3 26. cxd4 Bc4 27.
b3 Bd3 28. a3 Rc8 29. Kf2 Bc2 30. Ke2 a5 31. Kd2 Bf5 32. b4 axb4 33. axb4 Rc4
34. Nb3 Rxb4 35. Kc3 Rb6 36. Nc5 Rc6 37. Kc4 Bc8 38. Kb5 e6 39. Ne4 Rc2 40.
Nf6+ Kh8 41. Be5 Kg7 42. Nd7+ Kg8 43. Nf6+ Kf8 44. Bd6+ Kg7 45. Be5 Re2 46.
Nd7+ f6 47. Nxf6 Kf7 48. Bd6 Rb2+ 49. Kc4 h6 50. Bf4 hxg5 51. Bxg5 b5+ 52. Kc3
Rg2 53. Ne4 Bb7 54. Nd6+ Kg7 55. Bf4 Bc6 56. Kb4 Rb2+ 57. Kc3 Rb1 58. Kc2 Rg1
59. Kc3 Kf6 60. Kb4 Rd1 61. Be5+ Kg5 62. Kc3 Kg4 63. Kb4 Re1 64. Kc5 Bd7 65.
Nxb5 Bxb5 66. Kxb5 Rxe5+ 67. dxe5 Kxg3 68. Kc5 Kf4 0-1

[Event "Michigan Open"]
[Site "Romulus, MI"]
[Date "2000.09.03"]
[Round "1.52"]
[White "Calton, Bill"]
[Black "Dodaj, Gjergj"]
[Result "1-0"]
[WhiteElo "2221"]
[BlackElo "1926"]
[PlyCount "75"]
[EventDate "2000.09.01"]

1. d4 d5 2. Nf3 Nf6 3. b3 c6 4. e3 Bf5 5. Be2 e6 6. O-O Bd6 7. Bb2 Nbd7 8. Ne5
Qc7 9. f4 Be4 10. Nd2 O-O 11. Rc1 Rad8 12. Qe1 Bg6 13. g4 h6 14. Nxg6 fxg6 15.
Bd3 g5 16. fxg5 Bxh2+ 17. Kh1 hxg5 18. Qe2 Kf7 19. Nf3 Bd6 20. Nxg5+ Ke7 21.
Kg2 Rh8 22. Rh1 Rh6 23. Rcf1 Rdh8 24. Rxh6 gxh6 25. Nh3 Rg8 26. Nf2 Bg3 27.
Ba3+ Kd8 28. Rh1 Bxf2 29. Kxf2 Nxg4+ 30. Kf3 Nde5+ 31. dxe5 Qf7+ 32. Kg3 Nf2+
$2 (32... Nxe3+ $1 33. Kh3 Qf4 {forces Mate}) 33. Kh2 Qg7 $4 (33... Rg4 $1 {
forces white to give up his queen}) 34. Qxf2 Qxe5+ 35. Kh3 Qh5+ 36. Qh4+ Rg5
37. Qxh5 Rxh5+ 38. Kg2 1-0

[Event "Michigan Open Reserve"]
[Site "Romulus, MI"]
[Date "2000.09.03"]
[Round "1.64"]
[White "Buckles, Mark"]
[Black "Ryan, Mark"]
[Result "1-0"]
[WhiteElo "1020"]
[BlackElo "1502"]
[Annotator "Jeff Aldrich"]
[PlyCount "55"]
[EventDate "2000.09.01"]

{Dutch} 1. d4 f5 2. c4 g6 3. Bg5 Bg7 4. e3 Nf6 5. Nf3 O-O 6. Nc3 d6 7. g3 {
This move doesn't fit well with Bg5. He will soon run out of room to move.} Na6
8. Bg2 Qe8 9. O-O Ne4 10. Nxe4 fxe4 11. Nd2 h6 12. Nxe4 hxg5 13. Nxg5 {White
probably has a little compensation for the bishop.} e5 14. Qc2 c6 15. Rae1 Nc7
16. d5 Bd7 17. f4 c5 18. Be4 Bf5 19. g4 Bxe4 20. Qxe4 exf4 21. Qf3 fxe3 $2 ({
Preferable would be} 21... Qe5 {trying to get an opportunity to harass the
white king.}) 22. Qh3 Rf7 23. Rxe3 {Not the best as black has a fighting
chance after 23... Bd4} ({More forceful is} 23. Qh7+ Kf8 24. Nxf7) 23... Rxf1+
24. Kxf1 Qd7 25. Qh7+ Kf8 26. Rf3+ Bf6 27. Rxf6+ Qf7 28. Qxf7# 1-0

[Event "Michigan Open Reserve"]
[Site "Romulus, MI"]
[Date "2000.09.03"]
[Round "3.64"]
[White "Buckles, Mark"]
[Black "Gross, Benjamin"]
[Result "1/2-1/2"]
[WhiteElo "1020"]
[BlackElo "1432"]
[PlyCount "81"]
[EventDate "2000.09.01"]

1. d4 d5 2. c4 Nc6 3. cxd5 Qxd5 4. Nf3 Bg4 5. Nc3 Qa5 6. e3 e6 7. a3 O-O-O 8.
Bd2 Qh5 9. Be2 Nf6 10. h3 Bd6 11. Rc1 e5 12. d5 Ne7 13. e4 Ng6 14. b4 Rhe8 15.
Be3 Nf4 16. Bxf4 exf4 17. Qd3 Be5 18. Nd2 Bxe2 19. Nxe2 g5 20. Nc4 g4 21. Kd2
f3 22. Ng3 Bxg3 23. fxg3 Nxe4+ 24. Kc2 Nf2 25. hxg4 Qxg4 26. gxf3 Nxd3 27. fxg4
Nxc1 28. Rxc1 Rxd5 29. Kb3 Rd3+ 30. Ka4 Rxg3 31. Nd6+ Kd7 32. Nxe8 Kxe8 33.
Rxc7 Rxg4 34. Rxb7 h5 35. Rxa7 h4 36. Rc7 h3 37. Rc1 h2 38. Rh1 Rh4 39. Ka5 f5
40. b5 f4 41. Kb6 1/2-1/2

[Event "Michigan Open Reserve"]
[Site "Romulus, MI"]
[Date "2000.09.03"]
[Round "4.65"]
[White "Buckles, Mark"]
[Black "Gregg, Ted"]
[Result "1/2-1/2"]
[WhiteElo "1020"]
[BlackElo "1263"]
[PlyCount "73"]
[EventDate "2000.09.01"]

1. d4 f5 2. c4 e6 3. Nc3 Nf6 4. Nf3 d6 5. Bg5 Be7 6. g3 b6 7. Bg2 Bb7 8. O-O
O-O 9. e3 Nbd7 10. b4 Ne4 11. Bxe7 Qxe7 12. Nxe4 Bxe4 13. Nd2 Bxg2 14. Kxg2 Nf6
15. Nf3 Ne4 16. h4 Rf6 17. Qc2 Rg6 18. Rh1 h5 19. Rac1 Rf8 20. c5 d5 21. cxb6
cxb6 22. Qc7 Qf6 23. Ne5 Rg4 24. Nxg4 fxg4 25. f4 gxf3+ 26. Kh2 f2 27. Qf4 Qxf4
28. gxf4 Nd2 29. Kg2 f1=Q+ 30. Rhxf1 Nxf1 31. Kxf1 Rf7 32. Rc6 Re7 33. Ke2 Kf7
34. a4 Kg6 35. Kf3 Kf5 36. a5 bxa5 37. bxa5 1/2-1/2

[Event "Michigan Open Reserve"]
[Site "Romulus, MI"]
[Date "2000.09.03"]
[Round "4.22"]
[White "Bostic, Donald"]
[Black "Schell, Ken"]
[Result "1/2-1/2"]
[WhiteElo "1693"]
[BlackElo "1555"]
[PlyCount "36"]
[EventDate "2000.09.01"]

1. d4 d5 2. Nf3 Nf6 3. e3 c5 4. c3 Nc6 5. Bd3 e6 6. Nbd2 Bd6 7. O-O O-O 8. dxc5
Bxc5 9. Qe2 e5 10. e4 dxe4 11. Nxe4 Nxe4 12. Bxe4 Re8 13. Ng5 h6 14. Qh5 Be6
15. Nxe6 Rxe6 16. Be3 Bb6 17. Rad1 Qe7 18. Rd3 Rd8 1/2-1/2

[Event "Michigan Open Reserve"]
[Site "Romulus, MI"]
[Date "2000.09.03"]
[Round "4.36"]
[White "Biache, August"]
[Black "LaFerriere, Adam"]
[Result "1/2-1/2"]
[WhiteElo "1444"]
[BlackElo "851"]
[PlyCount "54"]
[EventDate "2000.09.01"]

1. e4 Nf6 2. e5 Nd5 3. Nf3 d6 4. d4 Nc6 5. Bc4 Nb6 6. Bb5 Bd7 7. exd6 cxd6 8.
d5 Nb4 9. Bxd7+ Qxd7 10. c3 N4xd5 11. O-O Nf6 12. Bg5 Ne4 13. Re1 Nxg5 14. Nxg5
Qf5 15. Ne4 O-O-O 16. Qd3 Qd5 17. Qh3+ e6 18. c4 Qxc4 19. Na3 Qd5 20. Nc3 Qf5
21. g4 Qg6 22. Ncb5 Kb8 23. Qc3 Qxg4+ 24. Kh1 Rc8 25. Qa5 Qf3+ 26. Kg1 Qg4+ 27.
Kh1 Qf3+ 1/2-1/2

[Event "Michigan Open"]
[Site "Romulus, MI"]
[Date "2000.09.03"]
[Round "1.54"]
[White "Baze, Lineas"]
[Black "Skidmore, Jennifer"]
[Result "1-0"]
[WhiteElo "2088"]
[BlackElo "1867"]
[PlyCount "61"]
[EventDate "2000.09.01"]

1. e4 e5 2. Nf3 d6 3. d4 Nf6 4. Nc3 Nbd7 5. Bc4 Be7 6. O-O O-O 7. Re1 c6 8. a3
h6 9. h3 Qc7 10. Be3 Re8 11. Bf1 Nf8 12. Qd2 Ng6 13. Rad1 Bf8 14. dxe5 dxe5 15.
Bc4 Be6 16. Bxe6 Rxe6 17. Qd3 b6 18. Qc4 Nh5 19. g3 Rf6 20. Nd5 Qd6 21. Nxf6+
Qxf6 22. Kg2 Re8 23. Rd7 Re6 24. Rxa7 b5 25. Qf1 Bd6 26. Rd1 Nhf4+ 27. gxf4
exf4 28. Bd4 Nh4+ 29. Kh1 Qd8 30. Qd3 Kh7 31. Ra1 1-0

[Event "Michigan Open"]
[Site "Romulus, MI"]
[Date "2000.09.03"]
[Round "3.52"]
[White "Baze, Lineas"]
[Black "Rogers, Bradley"]
[Result "1-0"]
[WhiteElo "2088"]
[BlackElo "2000"]
[PlyCount "63"]
[EventDate "2000.09.01"]

1. e4 e6 2. d4 d5 3. exd5 exd5 4. c4 c6 5. Nf3 Bd6 6. Nc3 Ne7 7. Be2 Bf5 8. O-O
O-O 9. cxd5 Nxd5 10. Nxd5 cxd5 11. Qb3 Qd7 12. Ne5 Bxe5 13. dxe5 Nc6 14. Rd1
Be6 15. Qg3 Rae8 16. Bc4 Ne7 17. Bd3 Ng6 18. Be3 b6 19. a4 Rd8 20. f4 Bf5 21.
Bb5 Qe7 22. Qf2 Be4 23. g3 Rc8 24. Rac1 Qe6 25. Ba6 Rxc1 26. Rxc1 Qd7 27. Bb5
Qg4 28. Be2 Qd7 29. b3 Rc8 30. Rxc8+ Qxc8 31. Bd1 Qf5 32. Qd2 1-0

[Event "Michigan Open Reserve"]
[Site "Romulus, MI"]
[Date "2000.09.03"]
[Round "5.55"]
[White "Avery, James"]
[Black "Carpenter, George"]
[Result "0-1"]
[WhiteElo "641"]
[BlackElo "1400"]
[PlyCount "94"]
[EventDate "2000.09.01"]

1. e4 d6 2. Nf3 Nf6 3. Bd3 g6 4. O-O Bg7 5. Nc3 O-O 6. b3 Nbd7 7. Bb2 c6 8. Re1
Nc5 9. Bc4 b5 10. Bd3 a5 11. a4 bxa4 12. Nxa4 Nxd3 13. cxd3 d5 14. exd5 cxd5
15. Bd4 Rb8 16. Rb1 Re8 17. Ne5 Qd6 18. Bc5 Qc7 19. b4 axb4 20. Bxb4 Nd7 21.
Nxd7 Bxd7 22. Nc3 e6 23. Ba3 Bxc3 24. dxc3 Qxc3 25. Rxb8 Rxb8 26. Qc1 Rb3 27.
Qxc3 Rxc3 28. Bd6 Rxd3 29. h3 Rc3 30. Rb1 Rc8 31. g4 Re8 32. Rb7 Bc6 33. Rc7
Bb5 34. Rb7 Bc4 35. g5 e5 36. f4 e4 37. Be5 e3 38. Rb1 e2 39. Bc3 Rd8 40. Bf6
Re8 41. Re1 Re4 42. Kf2 Rxf4+ 43. Ke3 Rf1 44. Bc3 Kf8 45. Kd2 Ke7 46. Ke3 Ke6
47. h4 Kf5 0-1

[Event "Michigan Open"]
[Site "Romulus, MI"]
[Date "2000.09.03"]
[Round "4.49"]
[White "Andrews, Steve"]
[Black "Grossman, Jay"]
[Result "1-0"]
[WhiteElo "2248"]
[BlackElo "1849"]
[PlyCount "88"]
[EventDate "2000.09.01"]

1. d4 Nf6 2. Nf3 g6 3. Bf4 Bg7 4. e3 d5 5. h3 O-O 6. Be2 c5 7. c3 Qb6 8. Qb3
Nbd7 9. Nbd2 Re8 10. O-O a5 11. Qxb6 Nxb6 12. dxc5 Na4 13. Bb5 Bd7 14. Bxa4
Bxa4 15. Rac1 Nd7 16. c4 Nxc5 17. b3 Bd7 18. cxd5 Nd3 19. Rc7 Bb5 20. Bg5 f6
21. Bh4 Nb4 22. Rfc1 Ba6 23. Rd7 Rad8 24. Rcc7 Nxd5 25. Rxd8 Rxd8 26. Rc5 b6
27. Rc6 Rc8 28. Rxc8+ Bxc8 29. Nc4 Ba6 30. Nfd2 f5 31. Bg3 Bc3 32. a4 b5 33.
axb5 Bxb5 34. Be5 Bxe5 35. Nxe5 a4 36. bxa4 Bxa4 37. e4 Nf4 38. f3 Bc2 39. exf5
Bxf5 40. g4 Bc8 41. h4 Bb7 42. Kf2 Ba6 43. Ne4 Nd3+ 44. Nxd3 Bxd3 1-0

[Event "Michigan Open"]
[Site "Romulus, MI"]
[Date "2000.09.03"]
[Round "2.51"]
[White "Andrews, Steve"]
[Black "Baze, Lineas"]
[Result "1-0"]
[WhiteElo "2248"]
[BlackElo "2088"]
[PlyCount "106"]
[EventDate "2000.09.01"]

1. d4 Nf6 2. Nf3 g6 3. Bf4 d5 4. e3 Bg7 5. Be2 O-O 6. h3 c5 7. c3 b6 8. O-O Ba6
9. Bxa6 Nxa6 10. Nbd2 Nc7 11. Qe2 Ne6 12. Bh2 h6 13. Rad1 Ng5 14. Nxg5 hxg5 15.
dxc5 bxc5 16. e4 e6 17. Be5 Qb6 18. b3 Rad8 19. Qe3 Rfe8 20. Qxg5 Nxe4 21. Nxe4
dxe4 22. Bxg7 Kxg7 23. Qe5+ Kg8 24. Qxe4 Qa5 25. Qc2 Rd5 26. c4 Rd4 27. Rxd4
cxd4 28. Rd1 Rd8 29. Qb2 e5 30. b4 Qa4 {Baze's scoresheet breaks off after
this move.} 31. Qb3 Qc6 32. c5 e4 33. Qc4 d3 34. b5 Qd5 35. Qb4 Qxa2 36. Qxe4
Qc2 37. Qf3 d2 38. Qe2 Qxc5 39. Kh2 Qd4 40. Kg1 Rd5 41. Kh2 Qd3 42. Qxd3 Rxd3
43. f3 f5 44. Kg3 Kf7 45. Kf2 Ke6 46. Ke2 Rd5 47. Rxd2 Rxd2+ 48. Kxd2 Ke5 49.
g3 Kd4 50. h4 Kc4 51. g4 fxg4 52. fxg4 Kxb5 53. h5 gxh5 1-0

[Event "Michigan Open Reserve"]
[Site "Romulus, MI"]
[Date "2000.09.03"]
[Round "5.40"]
[White "Aldrich, Justin"]
[Black "Raugh, Walter"]
[Result "1/2-1/2"]
[WhiteElo "1584"]
[BlackElo "1150"]
[PlyCount "83"]
[EventDate "2000.09.01"]

1. e4 c5 2. Nf3 d6 3. Bb5+ Bd7 4. Bxd7+ Qxd7 5. O-O Nc6 6. c3 Nf6 7. Re1 O-O-O
8. d4 cxd4 9. cxd4 d5 10. e5 Ne4 11. Nbd2 f5 12. a3 h6 13. b4 b6 14. Nb3 Kb7
15. b5 Na5 16. Nxa5+ bxa5 17. a4 e6 18. Ba3 g5 19. Re3 f4 20. Rd3 g4 21. Nd2 h5
22. f3 gxf3 23. Qxf3 Nxd2 24. Rxd2 Bxa3 25. Rxa3 Rc8 26. Ra1 Qf7 27. Rf2 Rhf8
28. Rff1 Rc4 29. Rfc1 Rfc8 30. Qd1 Qf5 31. Rxc4 Rxc4 32. Rc1 Qe4 33. Rxc4 dxc4
34. Kf1 c3 35. Qxh5 Qd3+ 36. Ke1 Qe3+ 37. Kf1 Qd3+ 38. Ke1 Qd2+ 39. Kf1 Qd3+
40. Ke1 Qb1+ 41. Kf2 Qc2+ 42. Ke1 1/2-1/2

[Event "Michigan Open"]
[Site "Romulus, MI"]
[Date "2000.09.03"]
[Round "4.10"]
[White "Aldrich, Jeff"]
[Black "Sudharsan, Krishnan"]
[Result "1/2-1/2"]
[WhiteElo "1949"]
[BlackElo "1925"]
[PlyCount "103"]
[EventDate "2000.09.01"]

1. d4 Nf6 2. c4 g6 3. Nc3 d5 4. cxd5 Nxd5 5. e4 Nxc3 6. bxc3 Bg7 7. Nf3 O-O 8.
Be2 c5 9. O-O Bg4 10. Rb1 b6 11. Be3 cxd4 12. cxd4 Nc6 13. Qa4 Bxf3 14. Bxf3
Nxd4 15. Bxd4 Qxd4 16. Qxd4 Bxd4 17. Rfc1 Rac8 18. Kf1 Rfd8 19. Bg4 Rxc1+ 20.
Rxc1 Bc5 21. Rd1 Bd4 22. Rc1 e5 23. Rc8 Rxc8 24. Bxc8 Kf8 25. Ke2 Ke7 26. f3
Kd6 27. Kd3 Kc5 28. Bb7 b5 29. g4 g5 30. Bd5 f6 31. Bg8 h6 32. h3 a5 33. Bf7
Ba1 34. Bd5 a4 35. Bf7 Bd4 36. Bd5 Kb4 37. Kc2 Bb6 38. Bf7 Ba5 39. Bd5 Kc5 40.
Kd3 Bb6 41. Bf7 Kb4 42. Kc2 Bd4 43. Bd5 Ka5 44. Bf7 Kb6 45. Bd5 Bg1 46. Bf7 Kc5
47. Kd3 b4 48. Bd5 Bd4 49. Bf7 b3 50. axb3 a3 51. b4+ Kxb4 52. Kc2 1/2-1/2

[Event "Michigan Open Reserve"]
[Site "Romulus, MI"]
[Date "2000.09.03"]
[Round "5.58"]
[White "Aguilar, Javier"]
[Black "Frantz, John C"]
[Result "1-0"]
[WhiteElo "1254"]
[BlackElo "443"]
[PlyCount "59"]
[EventDate "2000.09.01"]

1. d4 d5 2. c4 dxc4 3. Nf3 e6 4. e3 Bb4+ 5. Bd2 Bxd2+ 6. Qxd2 Nf6 7. Bxc4 Ne4
8. Qd3 Ng5 9. Nxg5 Qxg5 10. O-O O-O 11. Nc3 Bd7 12. Rac1 Bc6 13. f3 f5 14. Bb5
f4 15. e4 Qg6 16. Bxc6 bxc6 17. Na4 Nd7 18. Rxc6 Rac8 19. Rfc1 Rf6 20. Rxc7
Rxc7 21. Rxc7 Qg5 22. Rxd7 Rg6 23. Qc2 Qf6 24. Qc8+ Qf8 25. Rd8 Rf6 26. Rxf8+
Rxf8 27. Qxe6+ Rf7 28. d5 Kh8 29. Qe8+ Rf8 30. Qxf8# 1-0

[Event "Michigan Open Reserve"]
[Site "Romulus, MI"]
[Date "2000.09.04"]
[Round "6.41"]
[White "Zuniga, Jesus"]
[Black "Vasos, Brandon"]
[Result "1-0"]
[WhiteElo "1571"]
[BlackElo "1049"]
[PlyCount "63"]
[EventDate "2000.09.01"]

1. d4 d5 2. c4 e6 3. Nc3 Bb4 4. Nf3 Nf6 5. Bg5 Nbd7 6. Rc1 O-O 7. a3 Be7 8. e3
Ne4 9. Nxe4 dxe4 10. Bxe7 Qxe7 11. Nd2 Nf6 12. g3 e5 13. d5 Bg4 14. Qc2 Rad8
15. h3 Bh5 16. Bg2 Qd7 17. Nxe4 Nxe4 18. Qxe4 c6 19. Qxe5 g6 20. O-O Be2 21.
Rfe1 Bd3 22. Red1 Bf5 23. g4 Bxg4 24. hxg4 cxd5 25. Qxd5 Qxg4 26. Qxd8 Rxd8 27.
Rxd8+ Kg7 28. Kf1 b5 29. c5 b4 30. Rd4 Qc8 31. Rxb4 a5 32. Rd4 1-0

[Event "Michigan Open Reserve"]
[Site "Romulus, MI"]
[Date "2000.09.04"]
[Round "6.33"]
[White "Wright, Walter"]
[Black "Sobh, Tarek"]
[Result "1-0"]
[WhiteElo "1552"]
[BlackElo "1192"]
[PlyCount "93"]
[EventDate "2000.09.01"]

1. d4 d5 2. Nf3 Nc6 3. e3 a6 4. a3 Bg4 5. Be2 Nf6 6. Nbd2 e6 7. c4 b6 8. O-O
Bd6 9. b4 dxc4 10. Nxc4 Be7 11. Qc2 O-O 12. Bb2 b5 13. Nce5 Nxe5 14. dxe5 Bf5
15. Qc6 Be4 16. Qc1 Nd5 17. g3 Bf5 18. Rd1 Qc8 19. Nd4 Bh3 20. Nc6 Qb7 21. Bf3
Rfe8 22. Nxe7+ Rxe7 23. e4 Nb6 24. Qg5 Ree8 25. Qh5 Nc4 26. Bc1 Qb8 27. Bf4 Rf8
28. Qxh3 Qc8 29. Qg4 Kh8 30. Qh4 Rg8 31. Qe7 Rf8 32. Rd7 Ra7 33. Rad1 Ra8 34.
Rxc7 Qe8 35. Qxe8 Raxe8 36. Rdd7 Nxa3 37. Rxf7 Rxf7 38. Rxf7 Nc2 39. Ra7 Nxb4
40. Bd2 Nd3 41. Rxa6 Nxe5 42. Be2 Nd7 43. Bxb5 Nc5 44. Bxe8 Nxa6 45. Bf7 Nc5
46. f3 g6 47. Bc3+ 1-0

[Event "Michigan Open Reserve"]
[Site "Romulus, MI"]
[Date "2000.09.04"]
[Round "6.37"]
[White "Wright, Ken"]
[Black "Gorman, Jonathan"]
[Result "0-1"]
[WhiteElo "1588"]
[BlackElo "1268"]
[Annotator "Jeff Aldrich"]
[PlyCount "94"]
[EventDate "2000.09.01"]

{French: Exchange} 1. e4 e6 2. d4 d5 3. exd5 exd5 4. Nf3 Be7 5. Bd3 Nf6 6. Bf4
Nc6 7. Nc3 a6 8. h3 Nb4 9. a3 Nxd3+ 10. Qxd3 Be6 11. b4 c6 12. O-O O-O 13. Rfe1
Nh5 {Hoping to get two bishops versus two knights.} 14. Be5 Bf6 15. Bh2 g6 16.
Qd2 Re8 17. Ne2 Bg7 18. Ne5 Nf6 19. Bf4 Ne4 20. Qe3 Nd6 21. c3 Bf5 22. Qc1 f6
23. Nf3 g5 24. Bxd6 Qxd6 {Black now has his desired trade. As the game moves
closer to the endgame, the scope of the bishops completely overpower the
knights.} 25. Ng3 Bg6 26. Qd2 h5 27. Re3 Rxe3 28. Qxe3 a5 29. Re1 axb4 30. axb4
Re8 31. Qd2 Qd7 32. Re3 Kf7 33. Rxe8 Qxe8 34. Qe3 Bh6 35. Qxe8+ Kxe8 36. Ne1 g4
37. Ne2 Kd7 38. Kf1 Bd2 39. hxg4 hxg4 40. g3 Be4 41. Ng2 Bd3 42. Ngf4 Bxf4 43.
gxf4 Ke6 44. Ke1 Bxe2 45. Kxe2 Kf5 46. Ke3 b5 {DIAGRAM: Zugzwang. White can't
continue to hold the pawn.} 47. f3 g3 $1 0-1

[Event "Michigan Open"]
[Site "Romulus, MI"]
[Date "2000.09.04"]
[Round "6.9"]
[White "Williams, Ron"]
[Black "Grossman, Jay"]
[Result "1-0"]
[WhiteElo "2022"]
[BlackElo "1849"]
[PlyCount "76"]
[EventDate "2000.09.01"]

1. c4 Nf6 2. Nc3 g6 3. g3 c5 4. Bg2 Bg7 5. Nf3 O-O 6. O-O Nc6 7. d3 d6 8. Bd2
a6 9. Qc1 Ng4 10. h3 Nge5 11. Bh6 Nxf3+ 12. exf3 Nd4 13. Bxg7 Kxg7 14. Qd2 Bxh3
15. Kh2 Bd7 16. Ne2 Nxe2 17. Qxe2 Bc6 18. f4 Bxg2 19. Kxg2 f5 20. Rh1 Qd7 21.
Rae1 Rae8 22. b3 e5 23. Qb2 Kg8 24. fxe5 Qg7 25. f4 dxe5 26. Rxe5 Rxe5 27. fxe5
Rd8 28. Qe2 Qd7 29. Rd1 Qc6+ 30. Kf2 Qe6 31. Qe3 Rd4 32. b4 f4 33. gxf4 Qg4 34.
Ke1 Rxf4 35. Qxc5 Rd4 36. Kd2 Rxd3+ 37. Kxd3 Qxd1+ 38. Ke4 Qe2+ {Scoresheet
breaks off here. Looks like time pressure.} 1-0